Statistics for Rhymes With Clam

Click here to take the quiz!

General Stats

  • This quiz has been taken 289 times
    (279 since last reset)
  • The average score is 18 of 20

Answer Stats

HintAnswer% Correct
JJam
100%
DDam
99%
HHam
99%
RRam
99%
YYam
99%
SSlam
98%
LLamb
97%
BBam
95%
AAm
93%
GGlam
92%
GGram
92%
WWham
92%
SSham
90%
CCram
88%
SSpam
88%
SScam
85%
DDamn
74%
SSwam
72%
SScram
66%
JJamb
58%

Score Distribution

Percentile by Number Answered

Percent of People with Each Score

Your Score History

You have not taken this quiz since the last reset